World Geography Trivia - Statistics

General Stats
  • This quiz has been taken 162 times
  • The average score is 15 of 20
Answer Stats
Question Answer % Correct
In what countries are all of the world's mountains above 8000 meters located? Nepal
98%
What is the longest river in the world? Nile
94%
What is the smallest country in the world? Vatican City
94%
#2 to above China
91%
#4 to above India
91%
How many countries separate Norway and North Korea? 1
83%
What mountain range defines the western edge of South America? Andes
83%
What former British territory was given back to China in 1997? Hong Kong
81%
What country is it the capital of? New Zealand
81%
What is the largest island in the world? Greenland
80%
What is the southernmost capital city in the world? Wellington
80%
#3 to above Pakistan
79%
What peninsula consists of Spain, Portugal, and Andorra? Iberian Peninsula
78%
What is the most populous city in North America? Mexico City
76%
Which continent is the fastest growing in terms of population? Africa
72%
What is the most populous capital city in the world? Tokyo
67%
What country is both fifth largest in terms of area and population? Brazil
66%
What is the only country that is completely surrounded by countries ending in -stan? Uzbekistan
57%
What is the tallest mountain in the above range? Aconcagua
41%
What is the largest sea in the world? South China Sea
26%
No matching quizzes found
Score Distribution
Percent of People with Each Score
Percentile by Number Answered
Your Score History
You have not taken this quiz